000 00347nam a2200133Ia 4500
003 OSt
008 201107b ||||| |||| 00| 0 eng d
082 _a621.381
100 _aZBAR, Paul B.
245 _aIndustrial Electronics: A Text Lab Manual
260 _aNew Delhi
_bTata Mc Graw Hill Pubg. co. Ltd
_c2004
300 _a278.
942 _2ddc
_cBK
999 _c1930
_d1930